Statistics for GAA All Ireland Football Winning Team 2010

Click here to take the quiz!

General Stats

  • This quiz has been taken 5 times
  • The average score is 15 of 21

Answer Stats

PositionPlayer% Correct
ManagerC. Counihan
100%
SUBC. O'Neill
100%
CHBJ. Miskella
100%
SUBN. Murphy
100%
CHFP. O'Neill
100%
MFA. O'Connor
80%
GKA. Quirke
80%
RHFC. Sheehan
80%
RFFD. Goulding
80%
CFFD. O'Connor
80%
SUBG. Canty
80%
CFBM. Shields
80%
LHFP. Kelly
80%
MFA. Walsh
60%
SUBJ. Hayes
60%
RHBN. O'Leary
60%
LFFP. Kerrigan
60%
LHBP. Kissane
60%
RFBE. Cadogan
40%
SUBD. Kavanagh
20%
LFBR. Carey
0%

Score Distribution

Percentile by Number Answered

Percent of People with Each Score

Your Score History

You have not taken this quiz